000 00395nam a22001457a 4500
999 _c527207
_d527207
020 _a9788188458691
082 _a624.18
_bSIN
100 _aSingh, Parbin
245 _aCivil Engineering Materials /
_cParbin Singh
260 _aAsia :
_bS. K Kataria & Sons ,
_c2019.
300 _a279 p. ;
942 _2ddc
_cBK